00518cam a22001572 4500001001100000005001700011008004100028020002500069040001500094050002300109100003000132245012000162260003400282300001500316650002900331000000468620151217145821.0070528s xx 000 0 eng d a8121904048 :cGBP 15 aKABUcKABU 0aQK495b.A1P36 20041 aPandey, B. P.@000015538012aA Textbook of botany :bangiosperms; taxonomy, anatomy, embroyology (including tissue culture) and economic botany. aNew Delhi :bS. Chand,c2004. aix, 990 p. 0aAngiosperms.@0000155381